MAASAI MARA UNIVERSITY

LIBRARY CATALOGUE

Contact Us: +254 020 2685356/7 or 0774 057787

Box: 861-20500, NAROK, KENYA

Email: info@mmarau.ac.ke

Innocent in the Italian's possession / (Record no. 17458)

MARC details
000 -LEADER
fixed length control field 01116nam a22003497a 4500
003 - CONTROL NUMBER IDENTIFIER
control field OSt
005 - DATE AND TIME OF LATEST TRANSACTION
control field 20230329083146.0
008 - FIXED-LENGTH DATA ELEMENTS--GENERAL INFORMATION
fixed length control field 160610b xxu||||| |||| 00| 0 eng d
010 ## - LIBRARY OF CONGRESS CONTROL NUMBER
LC control number 2010713558
016 ## - NATIONAL BIBLIOGRAPHIC AGENCY CONTROL NUMBER
Record control number 20100120628
020 ## - INTERNATIONAL STANDARD BOOK NUMBER
International Standard Book Number 9780373129263
020 ## - INTERNATIONAL STANDARD BOOK NUMBER
International Standard Book Number 0373129262
035 ## - SYSTEM CONTROL NUMBER
System control number (OCoLC)ocn495781047
035 ## - SYSTEM CONTROL NUMBER
System control number (OCoLC)495781047
040 ## - CATALOGING SOURCE
Original cataloging agency MMU
Language of cataloging eng
Transcribing agency MMU
Modifying agency MMU
-- MMU
-- MMU
-- MMU
042 ## - AUTHENTICATION CODE
Authentication code lccopycat
050 00 - LIBRARY OF CONGRESS CALL NUMBER
Classification number PS4031 .K466 2010
100 1# - MAIN ENTRY--PERSONAL NAME
Personal name Kenny, Janette.
245 10 - TITLE STATEMENT
Title Innocent in the Italian's possession /
Statement of responsibility, etc. Janette Kenny.
260 ## - PUBLICATION, DISTRIBUTION, ETC. (IMPRINT)
Place of publication, distribution, etc. Toronto :
-- New York :
Name of publisher, distributor, etc. Harlequin,
Date of publication, distribution, etc. 2010.
300 ## - PHYSICAL DESCRIPTION
Extent 186, [5] p. :
Dimensions 17 cm.
490 1# - SERIES STATEMENT
Series statement Harlequin presents
650 #0 - SUBJECT ADDED ENTRY--TOPICAL TERM
Topical term or geographic name as entry element Shipbuilding industry
Form subdivision Fiction.
650 #0 - SUBJECT ADDED ENTRY--TOPICAL TERM
Topical term or geographic name as entry element Sex in the workplace
Form subdivision Fiction.
650 #0 - SUBJECT ADDED ENTRY--TOPICAL TERM
Topical term or geographic name as entry element Man-woman relationships
Form subdivision Fiction.
655 #7 - INDEX TERM--GENRE/FORM
Genre/form data or focus term Love stories.
Source of term gsafd
710 2# - ADDED ENTRY--CORPORATE NAME
Corporate name or jurisdiction name as entry element Copyright Paperback Collection (Library of Congress)
Institution to which field applies DLC
830 #0 - SERIES ADDED ENTRY--UNIFORM TITLE
Uniform title Harlequin presents ;
Volume number/sequential designation 2926.
906 ## - LOCAL DATA ELEMENT F, LDF (RLIN)
a 7
b cbc
c copycat
d 2
e ncip
f 20
g y-genrareb
942 ## - ADDED ENTRY ELEMENTS (KOHA)
Source of classification or shelving scheme Library of Congress Classification
Koha item type L
Holdings
Withdrawn status Lost status Source of classification or shelving scheme Damaged status Not for loan Home library Current library Date acquired Source of acquisition Total Checkouts Full call number Barcode Date last seen Date last checked out Price effective from Koha item type
    Library of Congress Classification     Maasai Mara University Library -Main Campus Maasai Mara University Library -Main Campus 06/10/2016 Donation 6 Fic. PS4031 .K466 2010 201516095 10/17/2017 10/03/2017 06/10/2016 L
© 2016 Maasai Mara University.